<?xml version="1.0" encoding="UTF-8"?>
<record
    xmlns:xsi="http://www.w3.org/2001/XMLSchema-instance"
    xsi:schemaLocation="http://www.loc.gov/MARC21/slim http://www.loc.gov/standards/marcxml/schema/MARC21slim.xsd"
    xmlns="http://www.loc.gov/MARC21/slim">

  <leader>01473nam a22003137a 4500</leader>
  <controlfield tag="003">OSt</controlfield>
  <controlfield tag="005">20220524023956.0</controlfield>
  <controlfield tag="008">220524b           ||||| |||| 00| 0 eng d</controlfield>
  <datafield tag="020" ind1=" " ind2=" ">
    <subfield code="a">9786210423167</subfield>
  </datafield>
  <datafield tag="040" ind1=" " ind2=" ">
    <subfield code="a">CvSU-CCAT Campus Library.</subfield>
    <subfield code="b">English.</subfield>
    <subfield code="c">CvSU-CCAT Campus Library.</subfield>
    <subfield code="e">rda.</subfield>
  </datafield>
  <datafield tag="050" ind1=" " ind2=" ">
    <subfield code="a">F LC 1023</subfield>
    <subfield code="b">C68 2021</subfield>
  </datafield>
  <datafield tag="245" ind1=" " ind2=" ">
    <subfield code="a">A course module in inclusive education in early childhood settings /</subfield>
    <subfield code="c">Marie Rose Atos-Yuzon [and three others]; Greg Tabios Pawilen, coordinator.</subfield>
  </datafield>
  <datafield tag="250" ind1=" " ind2=" ">
    <subfield code="a">2021 edition.</subfield>
  </datafield>
  <datafield tag="260" ind1=" " ind2=" ">
    <subfield code="a">Manila :</subfield>
    <subfield code="b">Rex Book Store, </subfield>
    <subfield code="c">c2021.</subfield>
  </datafield>
  <datafield tag="300" ind1=" " ind2=" ">
    <subfield code="a">vi, 126 pages ;</subfield>
    <subfield code="c">26 cm.</subfield>
  </datafield>
  <datafield tag="490" ind1=" " ind2=" ">
    <subfield code="a">(TEACH series)</subfield>
  </datafield>
  <datafield tag="501" ind1=" " ind2=" ">
    <subfield code="a">Outcomes-Based Education (OBE).</subfield>
  </datafield>
  <datafield tag="504" ind1=" " ind2=" ">
    <subfield code="a">Includes bibliographical references.</subfield>
  </datafield>
  <datafield tag="505" ind1=" " ind2=" ">
    <subfield code="a">Chapter 1 : Foundations of inclusion in early childhood
Chapter 2 : Making early childhood settings inclusive
Chapter 3 : Developmental milestones and red flags
Chapter 4 : Inclusive early childhood programs
Chapter 5 : Children in marginalized groups</subfield>
  </datafield>
  <datafield tag="546" ind1=" " ind2=" ">
    <subfield code="a">In English text.</subfield>
  </datafield>
  <datafield tag="650" ind1=" " ind2=" ">
    <subfield code="a">Inclusive education.</subfield>
    <subfield code="9">2922</subfield>
  </datafield>
  <datafield tag="650" ind1=" " ind2=" ">
    <subfield code="a">Early childhood education.</subfield>
    <subfield code="9">5106</subfield>
  </datafield>
  <datafield tag="700" ind1=" " ind2=" ">
    <subfield code="a">Ligon, Clarissa Carmelita Mariano, author.</subfield>
    <subfield code="9">3845</subfield>
  </datafield>
  <datafield tag="700" ind1=" " ind2=" ">
    <subfield code="a">Halal, Cristina Nieves Aligada, author.</subfield>
    <subfield code="9">5107</subfield>
  </datafield>
  <datafield tag="700" ind1=" " ind2=" ">
    <subfield code="a">Padilla, Cristina Rowena Salcedo, author.</subfield>
    <subfield code="9">5108</subfield>
  </datafield>
  <datafield tag="700" ind1=" " ind2=" ">
    <subfield code="a">Pawilen, Greg Tabios, coordinator.</subfield>
    <subfield code="9">3846</subfield>
  </datafield>
  <datafield tag="942" ind1=" " ind2=" ">
    <subfield code="2">lcc</subfield>
    <subfield code="c">BK</subfield>
    <subfield code="h">LC 1023 C68 2021</subfield>
    <subfield code="k">F</subfield>
  </datafield>
  <datafield tag="999" ind1=" " ind2=" ">
    <subfield code="c">1698</subfield>
    <subfield code="d">1698</subfield>
  </datafield>
  <datafield tag="952" ind1=" " ind2=" ">
    <subfield code="0">0</subfield>
    <subfield code="1">0</subfield>
    <subfield code="2">lcc</subfield>
    <subfield code="4">0</subfield>
    <subfield code="7">0</subfield>
    <subfield code="8">NF</subfield>
    <subfield code="a">CCATLIB</subfield>
    <subfield code="b">CCATLIB</subfield>
    <subfield code="c">F</subfield>
    <subfield code="d">2022-03-30</subfield>
    <subfield code="e">Purchased</subfield>
    <subfield code="f">F</subfield>
    <subfield code="g">325.00</subfield>
    <subfield code="l">1</subfield>
    <subfield code="m">10</subfield>
    <subfield code="o">F LC 1023 C68 2021</subfield>
    <subfield code="p">R0012918</subfield>
    <subfield code="r">2025-10-15 00:00:00</subfield>
    <subfield code="s">2024-09-25</subfield>
    <subfield code="t">c.1</subfield>
    <subfield code="w">2022-05-24</subfield>
    <subfield code="y">BK</subfield>
  </datafield>
  <datafield tag="952" ind1=" " ind2=" ">
    <subfield code="0">0</subfield>
    <subfield code="1">0</subfield>
    <subfield code="2">lcc</subfield>
    <subfield code="4">0</subfield>
    <subfield code="7">0</subfield>
    <subfield code="8">NF</subfield>
    <subfield code="a">CCATLIB</subfield>
    <subfield code="b">CCATLIB</subfield>
    <subfield code="c">F</subfield>
    <subfield code="d">2022-03-30</subfield>
    <subfield code="e">Purchased</subfield>
    <subfield code="f">F</subfield>
    <subfield code="g">325.00</subfield>
    <subfield code="l">2</subfield>
    <subfield code="m">4</subfield>
    <subfield code="o">F LC 1023 C68 2021</subfield>
    <subfield code="p">R0012919</subfield>
    <subfield code="r">2026-02-19 02:33:05</subfield>
    <subfield code="s">2025-10-09</subfield>
    <subfield code="t">c.2</subfield>
    <subfield code="w">2022-05-24</subfield>
    <subfield code="y">BK</subfield>
  </datafield>
</record>
